000 00339nam a22001577a 4500
003 macl
005 20170108155210.0
008 170108b xxu||||| |||| 00| 0 eng d
040 _cmacl
082 _220
_a540
100 _aNCERT
_94590
245 _aChemistry
260 _aDilhi
_bNCERT
650 _aChemistry
_966473
942 _2ddc
_cBK
999 _c55807
_d55807